New headway English course : Elementary, Student's book

This is a new edition with a modified syllabus and extensive new material.

保存先:
書誌詳細
フォーマット: 図書
言語:Undetermined
出版事項: Oxford Oxford University Press 2000
主題:
タグ: タグ追加
タグなし, このレコードへの初めてのタグを付けませんか!
Thư viện lưu trữ: Trung tâm Học liệu Trường Đại học Cần Thơ
LEADER 00702nam a2200205Ia 4500
001 CTU_228418
008 210402s9999 xx 000 0 und d
082 |a 428.0071 
082 |b N532 
245 0 |a New headway English course : 
245 0 |b Elementary, Student's book 
245 0 |c Liz Soars, John Soars 
260 |a Oxford 
260 |b Oxford University Press 
260 |c 2000 
520 |a This is a new edition with a modified syllabus and extensive new material. 
650 |a Tiếng Anh,English language 
650 |x Sách giáo khoa cho người nước ngoài,Textbooks for foreign speakers 
910 |b nthai 
980 |a Trung tâm Học liệu Trường Đại học Cần Thơ